Star Trek Characters and Actors - Statistics

General Stats
  • This quiz has been taken 20 times
    14 since last reset
  • The average score is 51 of 102
Answer Stats
Series Rank/Title/Role Character or Actor % Correct
Original Series Captain James Kirk
100%
Original Series Science Officer Spock
100%
Original Series Helmsman Hikaru Sulu
91%
Original Series Medical Officer Leonard "Bones" McCoy
91%
Original Series Science Officer Leonard Nimoy
91%
Original Series Chief Engineer Montgommery "Scotty" Scott
91%
Original Series Captain William Shatner
91%
Original Series Nurse Christine Chapel
82%
The Next Generation Second Officer Data
82%
Original Series Medical Officer DeForest Kelley
82%
The Next Generation Ships Councillor Dianna Troi
82%
The Next Generation Chief Engineer Geordi LaForge
82%
The Next Generation Captain Jean-Luc Picard
82%
Original Series Comms Officer Nyota Uhura
82%
Original Series Navigator Pavel Chekov
82%
The Next Generation First Officer William Riker
82%
The Next Generation Security Chief Worf
82%
The Next Generation Medical Officer Beverley Crusher
73%
Original Series Helmsman George Takei
73%
The Next Generation Bartender Guinan
73%
Original Series Chief Engineer James Doohan
73%
The Next Generation First Officer Jonathan Frakes
73%
The Next Generation Captain Patrick Stewart
73%
The Next Generation Omnipotent Being Q
73%
The Next Generation Son of the Above and Cadet Wesley Crusher
73%
Deep Space Nine Captain and Emissary of the Prophets Benjamin Sisko
64%
The Next Generation Second Officer Brent Spiner
64%
Voyager First Officer Chakotay
64%
Deep Space Nine Science Officer (Season 7 Only) Ezri Dax
64%
Deep Space Nine Science Officer Jadzia Dax
64%
Deep Space Nine Son of the Captain/Journalist Jake Sisko
64%
The Next Generation Medical Oficer (Season 2 Only) Katherine Pulaski
64%
Voyager Captain Kathryn Janeway
64%
Voyager Ocampa Medical Assistant Kes
64%
The Next Generation Chief Engineer LeVar Burton
64%
The Next Generation Transporter Chief Miles O'Brien
64%
Original Series Comms Officer Nichelle Nicholls
64%
Deep Space Nine Constable Odo
64%
Deep Space Nine Bartender Quark
64%
Voyager Helmsman and Husband of the Above Tom Paris
64%
Voyager Security Chief Tuvok
64%
Original Series Navigator Walter Koenig
64%
Voyager Chief Engineer B'Elanna Torres
55%
Deep Space Nine Gul and Emissary of the Pah Wraiths Dukat
55%
Deep Space Nine Tailor Garak
55%
Voyager Ensign Harry Kim
55%
Enterprise Captain Jonathan Archer
55%
Voyager Captain Kate Mulgrew
55%
Deep Space Nine First Officer Kira Nerys
55%
The Next Generation Security Chief Michael Dorn
55%
Voyager "Ambassador" to the Delta Quadrant Neelix
55%
Voyager The Doctor Robert Picardo
55%
Voyager De-assimilated Borg Drone Seven of Nine
55%
The Next Generation Security Chief (Season 1 Only) Tasha Yar
55%
The Next Generation Bartender Whoopi Goldberg
55%
The Next Generation Son of the Above and Cadet Wil Wheaton
55%
Deep Space Nine Bartender Armin Shimerman
45%
Deep Space Nine Captain and Emissary of the Prophets Avery Brooks
45%
The Next Generation Medial Officer Gates McFadden
45%
Voyager De-assimilated Borg Drone Jeri Ryan
45%
Deep Space Nine Medical Officer Julian Bashir
45%
The Next Generation Ships Councillor Marina Sirtis
45%
Enterprise Captain Scott Bakula
45%
Deep Space Nine Medical Officer Alexander Siddig
36%
Enterprise Chief Engineer Charles "Trip" Tucker III
36%
The Next Generation Transporter Chief Colm Meaney
36%
Voyager The Doctor EMH
36%
The Next Generation Omnipotent Being John de Lancie
36%
Deep Space Nine First Officer Nana Visitor
36%
Voyager First Officer Robert Beltran
36%
Deep Space Nine Science Officer Terry Farrell
36%
Enterprise First Officer and Science Officer T'pol
36%
Deep Space Nine Tailor Andrew Robinson
27%
Deep Space Nine Son of the Captain/Journalist Cirroc Lofton
27%
The Next Generation Security Chief (Season 1 Only) Denise Crosby
27%
Voyager "Ambassador" to the Delta Quadrant Ethan Phillips
27%
Voyager Ensign Garrett Wang
27%
Enterprise Comms Officer Linda Park
27%
Enterprise Tactical Officer Malcolm Reed
27%
Enterprise Starfleet Admiral Maxwell Forrest
27%
Enterprise Medical Officer Phlox
27%
Enterprise Helmsman Anthony Montgommery
18%
Enterprise Chief Engineer Connor Trinneer
18%
Enterprise Tactical Officer Dominic Keating
18%
Enterprise Comms Officer Hoshi Sato
18%
Enterprise Commander in the Andorian Imperial Guard Jeffrey Combs
18%
Enterprise Medical Officer John Billingsley
18%
Original Series Nurse Magel Barrett
18%
Deep Space Nine Gul and Emissary of the Pah Wraiths Marc Alaimo
18%
Deep Space Nine Science Officer (Season 7 Only) Nicole De Boer
18%
Deep Space Nine Constable Rene Auberjonois
18%
Enterprise Ambassador to Earth Soval
18%
Enterprise Commander in the Andorian Imperial Guard Thy'lek Shran
18%
Voyager Security Chief Tim Russ
18%
Enterprise Helmsman Travis Mayweather
18%
The Next Generation Medical Officer (Season 2 Only) Diana Muldaur
9%
Enterprise Ambassador to Earth Gary Graham
9%
Voyager Ocampa Medical Assistant Jennifer Lien
9%
Enterprise First Officer and Science Officer Jolene Blalock
9%
Voyager Helmsman and Husband of the Above Robert Duncan McNeill
9%
Voyager Chief Engineer Roxann Dawson
9%
Enterprise Starfleet Admiral Vaughn Armstrong
0%
No matching quizzes found
Score Distribution
Percent of People with Each Score
Percentile by Number Answered
Your Score History
You have not taken this quiz since the last reset